000 00253nam a2200109Ia 4500
008 220204s9999 xx 000 0 und d
082 _a82-3
_bJAM
100 _aJames, Henry
245 4 _aThe Ambassadors
260 _aEngland
_bPenguin
_c1978
942 _cBK
999 _c33020
_d33020